书目信息 |
| 题名: |
瓷器鉴定三十讲
|
|
| 作者: | 刘毅 著 | |
| 分册: | ||
| 出版信息: | 沈阳 万卷出版公司 2005 |
|
| 页数: | 149页 | |
| 开本: | 24cm | |
| 丛书名: | ||
| 单 册: | ||
| 中图分类: | K876.34 | |
| 科图分类: | ||
| 主题词: | 瓷器(考古)--鉴定--中国--自学参考资料 | |
| 电子资源: | ||
| ISBN: | 7-80601-670-8 | |
| 000 | 00785nam0 2200265 45 | |
| 001 | 040000004758 | |
| 005 | 20051206150906.23 | |
| 010 | @a7-80601-670-8@dCNY74.00 | |
| 092 | @aCN | |
| 100 | @a20050715d2005 ekmy0chiy0120 ea | |
| 101 | 0 | @achi |
| 102 | @aCN@b210000 | |
| 102 | @aCN@b210000 | |
| 105 | @aa z 000yy | |
| 200 | 1 | @a瓷器鉴定三十讲@Aci qi jian ding san shi jiang@f刘毅著@Fliu yi zhu |
| 210 | @a沈阳@c万卷出版公司@d2005 | |
| 215 | @a149页@c图@d24cm | |
| 300 | @a瓷器鉴定自学教程 | |
| 330 | @a本书介绍了中国古代,特别是唐宋至明清时期瓷器的基本特征和鉴定要点,图文并茂。 | |
| 606 | 0 | @a瓷器(考古)@x鉴定@y中国@j自学参考资料 |
| 690 | @aK876.34@v4 | |
| 701 | 0 | @a刘毅@Aliu yi@4著 |
| 801 | 0 | @aCN@bCXYBOOK@c20051206 |
| 905 | @a10447@dK876.34@e163 | |
| 999 | @aYYW | |
| 瓷器鉴定三十讲/刘毅著.-沈阳:万卷出版公司,2005 |
| 149页:图;24cm |
| 瓷器鉴定自学教程 |
| ISBN 7-80601-670-8:CNY74.00 |
| 本书介绍了中国古代,特别是唐宋至明清时期瓷器的基本特征和鉴定要点,图文并茂。 |
| ● |
| 相关链接 |
|
|
|
|
正题名:瓷器鉴定三十讲
索取号:K876.34/163
 
预约/预借
| 序号 | 登录号 | 条形码 | 馆藏地/架位号 | 状态 | 备注 |
| 1 | 0370493 | 203704937 | 第二样本阅览室/ [索取号:K876.34/163] | 在馆 |